Statistiken für Zweithäufigst genutze Sprache in Ländern

Klicken Sie hier um das Quiz zu spielen!

Allgemein

  • Dieses Quiz wurde 956 mal gespielt
  • Das Durchschnittsergebnis liegt bei 10 aus 24

Antwortstatistiken

LandZweitsprache% Korrekt
KanadaFranzösisch
94%
MosambikPortugiesisch
91%
BrasilienSpanisch
89%
ArmenienRussisch
87%
DeutschlandTürkisch
83%
IsraelArabisch
79%
AustralienChinesisch
75%
JapanKoreanisch
58%
GroßbritannienPolnisch
58%
ArgentinienItalienisch
57%
AlbanienGriechisch
50%
KambodschaVietnamesisch
39%
SpanienKatalanisch
35%
RumänienUngarisch
33%
TürkeiKurdisch
19%
ChinaKantonesisch
13%
Sri LankaTamil
10%
KirgistanUsbekisch
7%
BelarusBelarussisch
5%
IndienBengalisch
5%
ThailandBurmesisch / Birmanisch
3%
BolivienQuechua / Ketschua
3%
Saudi ArabienTagalog
2%
RusslandTatarisch
1%

Verteilung der Resultate

Perzentil nach korrekt beantworteten Fragen

Anzahl Personen mit jedem Resultat

Ihre Resultats-Entwicklung

Sie haben dieses Quiz noch nicht gespielt